| 000 | 00624nam a2200229Ia 4500 | ||
|---|---|---|---|
| 003 | OSt | ||
| 005 | 20221005035237.0 | ||
| 006 | a|||||r|||| 00| 0 | ||
| 007 | ta | ||
| 008 | 221004b |||||||| |||| 00| 0 eng d | ||
| 024 | _a50277 | ||
| 037 | _cTextual | ||
| 040 |
_aCRL _cCRL _beng |
||
| 041 |
_2eng _aeng |
||
| 082 | _a2.2b,N33.N83, M3-;1 | ||
| 245 | 0 | _a50 years of Indian Library Association 1933-1983 | |
| 260 |
_aDelhi _bIndian Library Association India _c1983 |
||
| 300 |
_a79p. _ccm. |
||
| 650 | _aLIBRARY SCIENCE | ||
| 942 |
_h2.2b,N33.N83, M3-;1 _cTEXL _2cc |
||
| 999 |
_c944789 _d944789 |
||